000
00297nam a22001217a 4500
020
_a
8189304879
082
_a
630.21
_b
GEJ/AG
100
_a
Gajendra singh Tomar
_9
386
245
_a
Agronomy Basic and Applied
260
_a
Delhi
_b
Satish Serial Publishing House
_c
2010
300
_a
673
942
_c
BK
999
_c
14283
_d
14283